000 00399ntaaa2200169 4500
003 01
005 20251027202327.0
008 0714s1973 ag 01
040 _aAR-BaBN
_bspa
_cAR-BaBN
_eaacr
_dRIC
082 _a291.0000 H31
100 _aHawkins, T.B
_921882
245 _aReligiones comparadas
250 _a1 ed.
260 _aBuenos Aires,
_c1054
300 _a93 p mimeografiado
942 _cBK
999 _c18111
_d18111